| 000 | 00519nam a2200193Ia 4500 | ||
|---|---|---|---|
| 005 | 20250603145917.0 | ||
| 008 | 250603s9999 xx 000 0 und d | ||
| 020 | _a9789789026470 | ||
| 050 | _aKP 107 .Z8/ | ||
| 100 | _aZURU, S.A. | ||
| 245 | 4 | _aThe Nigerias upstream oil and environmentalism:Government, the Niger Delta and multinational oil industry | |
| 250 | _a1st ed. | ||
| 260 | _aZaria | ||
| 260 | _bFaith printers international | ||
| 260 | _c2009 | ||
| 300 | _a394 p | ||
| 650 | _aZaria | ||
| 942 | _cBK | ||
| 999 |
_c43218 _d43218 |
||